Central Library OPAC University of Rajshahi

Marriage and rank in Bengali culture : (Record no. 34704)

MARC details
000 -LEADER
fixed length control field 00950nam a2200289 a 4500
001 - CONTROL NUMBER
control field 34704
003 - CONTROL NUMBER IDENTIFIER
rucl marc code BD-RjUL
005 - DATE AND TIME OF LATEST TRANSACTION
control field 20211209052211.0
008 - FIXED-LENGTH DATA ELEMENTS--GENERAL INFORMATION
fixed length control field 140518n1976 ii b 001 0 eng d
020 ## - INTERNATIONAL STANDARD BOOK NUMBER
International Standard Book Number 0706904354
035 ## - SYSTEM CONTROL NUMBER
System control number BD-RjUL)34798
040 ## - CATALOGING SOURCE
Original cataloging agency ABC
Transcribing agency ABC
Modifying agency EQO
-- BD-RjUL
Language of cataloging eng
041 ## - LANGUAGE CODE
Language code of text/sound track or separate title eng
082 ## - DEWEY DECIMAL CLASSIFICATION NUMBER
Classification number 305.44095414
Author mark and year INM 1976
090 ## - LOCALLY ASSIGNED LC-TYPE CALL NUMBER (OCLC); LOCAL CALL NUMBER (OCLC)
Classification number (OCLC) (R) ; Classification number, CALL (RLIN) (NR) DS485.B44
Local cutter number (OCLC) ; Book number/undivided call number, CALL (RLIN) I5 1972
100 1# - MAIN ENTRY--PERSONAL NAME
Personal name Inden, Ronald B.
9 (RLIN) 105586
245 10 - TITLE STATEMENT
Title Marriage and rank in Bengali culture :
Remainder of title a history of caste and clan in middle period Bengal /
Statement of responsibility, etc. Ronald B. Inden
260 ## - PUBLICATION, DISTRIBUTION, ETC. (IMPRINT)
Place of publication, distribution, etc. New Delhi :
Name of publisher, distributor, etc. Vikas Pub. House,
Date of publication, distribution, etc. 1976.
300 ## - PHYSICAL DESCRIPTION
Pagination x, 161 p. ;
Size 25 cm
500 ## - GENERAL NOTE
General note A revision of the author's thesis, University of Chicago, 1972
504 ## - BIBLIOGRAPHY, ETC. NOTE
Bibliography, etc Bibliography: p. 153-155 and Index
650 #0 - SUBJECT ADDED ENTRY--TOPICAL TERM
Topical term or geographic name as entry element Caste
Geographic subdivision Bengal
9 (RLIN) 105587
Topical term or geographic name as entry element Clans
Geographic subdivision Bengal
9 (RLIN) 105588
Topical term or geographic name as entry element Marriage
Geographic subdivision Bengal
9 (RLIN) 105589
651 #0 - SUBJECT ADDED ENTRY--GEOGRAPHIC NAME
Geographic name Bengal (India)
General subdivision Civilization
9 (RLIN) 81661
942 ## - ADDED ENTRY ELEMENTS (KOHA)
Source of classification or shelving scheme Dewey Decimal Classification
Koha item type Books
Holdings
Lost status Source of classification or shelving scheme Damaged status Not for loan Collection code Permanent Location Current Location Shelving location Date acquired Source of acquisition Cost, normal purchase price Total Checkouts Full call number Date last seen Copy number Koha item type
  Dewey Decimal Classification     Non-fiction Central Library, University of Rajshahi Central Library, University of Rajshahi   28/09/1978 India Int. Cal. 35.00   305.44095414 INM 1976 18/05/2014 C-2 Books
  Dewey Decimal Classification   Not For Loan Non-fiction Central Library, University of Rajshahi Central Library, University of Rajshahi Reading Room 28/09/1978 India Int. Cal. 35.00   305.44095414 INM 1976 18/05/2014 C-1 Books